5HLuxD.jpg

KING HENRY VIII SENIOR AND PRIMARY SCHOOL LIBRARY OPAC

Combined and Co-ordinated Sciences for Cambridge IGCSE : (Record no. 3684)

000 -LEADER
fixed length control field 01355nam a22002297a 4500
003 - CONTROL NUMBER IDENTIFIER
control field OSt
005 - DATE AND TIME OF LATEST TRANSACTION
control field 20240613083857.0
008 - FIXED-LENGTH DATA ELEMENTS--GENERAL INFORMATION
fixed length control field 240613b ||||| |||| 00| 0 eng d
020 ## - INTERNATIONAL STANDARD BOOK NUMBER
International Standard Book Number 9781009311335
040 ## - CATALOGING SOURCE
Transcribing agency KH8
082 ## - DEWEY DECIMAL CLASSIFICATION NUMBER
Classification number 540.76 HAR
100 ## - MAIN ENTRY--PERSONAL NAME
Personal name Haywood, Joanna,
Relator term author.
245 ## - TITLE STATEMENT
Title Combined and Co-ordinated Sciences for Cambridge IGCSE :
Remainder of title Chemistry Workbook /
Statement of responsibility, etc. Joanna Haywood, Richard Harwood & Ian Lodge.
260 ## - PUBLICATION, DISTRIBUTION, ETC.
Place of publication, distribution, etc. United Kingdom ;
Name of publisher, distributor, etc. Cambridge University Press ,
Date of publication, distribution, etc. 2023.
300 ## - PHYSICAL DESCRIPTION
Extent x, 197 pages :
Other physical details black and white illustrations:
Dimensions 27.5 cm.
520 ## - SUMMARY, ETC.
Summary, etc. This accessible write-in workbook is the perfect companion to the coursebook. Students have the opportunity to practice their essential science skills, including data presentation and analysis, consolidate their understanding, and apply their learning to new situations. Exercises are structured into three levels of increasing complexity, which they first support, then provide practice opportunities, and finally challenge learners. As an exercise progresses, the amount of support is reduced, enabling students to become confident, responsible learners. Answers are available to teachers via Cambridge GO.
650 ## - SUBJECT ADDED ENTRY--TOPICAL TERM
Topical term or geographic name entry element Chemistry workbook
650 ## - SUBJECT ADDED ENTRY--TOPICAL TERM
Topical term or geographic name entry element Chemistry
Form subdivision Practice
700 ## - ADDED ENTRY--PERSONAL NAME
Personal name Harwood, Richard,
Relator term author.
700 ## - ADDED ENTRY--PERSONAL NAME
Personal name Lodge, Ian,
Relator term author.
942 ## - ADDED ENTRY ELEMENTS (KOHA)
Source of classification or shelving scheme
Koha item type Teaching Resources
Holdings
Withdrawn status Lost status Source of classification or shelving scheme Damaged status Not for loan Collection code Permanent Location Current Location Shelving location Date acquired Total Checkouts Full call number Barcode Date due Date last seen Date last checked out Price effective from Koha item type
          Teaching Resources KH8 Senior School Library KH8 Senior School Library Staff Office 2024-06-13 2 540.76 HAR TRKHSL005507 2026-07-03 2025-09-09 2025-09-09 2024-06-13 Teaching Resources

Powered By KH8 IT Dept